Creative R & D leadership : (Record no. 12949)
[ view plain ]
| 000 -LEADER | |
|---|---|
| fixed length control field | 00463cam a2200169 a 4500 |
| 020 ## - INTERNATIONAL STANDARD BOOK NUMBER | |
| ISBN | 0899309151 (alk. paper) |
| 040 ## - CATALOGING SOURCE | |
| Transcribing agency | DLC |
| 082 00 - DEWEY DECIMAL CLASSIFICATION NUMBER | |
| Classification number | 001 QUO 1995 A005 Or. |
| 100 1# - MAIN ENTRY--AUTHOR NAME | |
| Personal name | Bess, James L. |
| 245 10 - TITLE STATEMENT | |
| Title | Creative R & D leadership : |
| Remainder of title | insights from Japan / |
| 260 ## - PUBLICATION, DISTRIBUTION, ETC. (IMPRINT) | |
| Place of publication | Westport, Conn. : |
| Name of publisher | Quorum Books, |
| Year of publication | 1995. |
| 300 ## - PHYSICAL DESCRIPTION | |
| Number of Pages | xix, 359 p. ; |
| Dimensions | 25 cm. |
| 650 #0 - SUBJECT ADDED ENTRY--TOPICAL TERM | |
| Topical Term | Research |
| 650 #0 - SUBJECT ADDED ENTRY--TOPICAL TERM | |
| Topical Term | Research, Industrial |
| 650 #0 - SUBJECT ADDED ENTRY--TOPICAL TERM | |
| Topical Term | Science and industry |
| 942 ## - ADDED ENTRY ELEMENTS (KOHA) | |
| Koha item type | សៀវភៅភាសាអង់គ្លេស |
| 952 ## - LOCATION AND ITEM INFORMATION (KOHA) | |
| Withdrawn status [LOCAL, KOHA] | 0 |
| Permanent Location | Date acquired | Koha item type | Lost status | Shelving location | Barcode | Current Location | Full call number |
|---|---|---|---|---|---|---|---|
| Library Block A | 2017-08-18 | សៀវភៅភាសាអង់គ្លេស | A005 | A16736 | Library Block A | 001 QUO 1995 A005 Or. |